El accidente original

Na minha lista:
Detalhes bibliográficos
Autor principal: Virilio, Paul (Author)
Formato: Livro
Idioma:espanhol
Publicado em: Buenos Aires Amorrortu 2009
Edição:1a. ed
Colecção:Colección Nómadas
Assuntos:
Tags: Adicionar Tag
Sem tags, seja o primeiro a adicionar uma tag!

MARC

LEADER 00000cam a2200000 a 4500
001 UCE8967
003 CL-VaPUC
008 150911e20090000ag |||||||||||||||||spa|d
020 |a 9789505183869 
082 0 4 |a 194  |b VIR  |2 21 
100 0 |a Virilio, Paul  |e author  |9 581669 
245 1 3 |a El accidente original 
250 |a 1a. ed 
300 |a 168 p 
942 |c BK 
945 |d 20150911 12:29:00  |a gsalatino 
260 |a Buenos Aires  |b Amorrortu  |c 2009 
650 0 |a Filosofía francesa   |9 255698 
650 0 |a Filosofía contemporánea  |9 265372 
583 |a last modification  |c 20150911 12:29:00  |k Rodrigo Vera 
490 0 |a Colección Nómadas 
999 |c 360716  |d 360714 
952 |0 0  |1 0  |3 erb  |4 0  |6 194_000000000000000_VIR_2009  |7 0  |8 A  |9 470636  |a BIBEDU  |b BIBEDU  |i 5198518  |o 194 VIR 2009  |p 5198518  |r 2019-11-23  |w 2019-11-23  |y BK  |z Catalogado en:20150911  |k FIL